000 00469nam a2200169Ia 4500
008 221030s9999 xx 000 0 und d
020 _a8125909451
041 _aEnglish
082 _a105.23
_bKum
100 _aK. M. Kumar
245 0 _aBasic Electrical Electronics,Computer & Communication Engineering
_cby K. M. Kumar, V. Jaganathan
260 _bVikas Pub House
_aNew Delhi
_c2000
300 _a398
650 _aECE & EE
700 _aV. Jaganathan
942 _cBK
999 _c6593
_d6593